000 01207nam a2200241Ia 4500
003 Ost
005 20260416102353.0
008 260416s9999||||xx |||||||||||||| ||und||
040 _cfsecg
041 _aara
082 _a657.42
100 _aدويسي، الزهرة
_eمؤلف
245 0 _a المحاسبة المالية المعمقة /
_c الزهرة دويسي
260 _aالجزائر
_bجامعة الجزائر3: كلية العلوم الإقتصادية، العلوم التجارية وعلوم التسيير
_c2018
300 _a179 ورقة
_bايضاحات
_c30 سم
504 _aمراجع ص.178
520 _aالتثبيتات المادية والمعنوية، محاسبة الأغلفة، محاسبة الأجور، محاسبة الضرائب المؤجلة، العقود على المدى الطويل، محاسبة الأدوات المالية.
653 _aالأجور-ضرائب
653 _aالأجور-محاسبة
653 _aالمحاسبة التحليلية
710 _aجامعة الجزائر3: كلية العلوم الإقتصادية، العلوم التجارية وعلوم التسيير
_eناشر علمي
942 _cHANDOUT
999 _c41089
_d41089